天北線の全駅名 - Statistics

General Stats
  • This quiz has been taken 5 times
  • The average score is 13 of 33
Answer Stats
駅名 備考 % Correct
音威子府 (おといねっぷ) 接続路線:JR宗谷本線
100%
中頓別 (なかとんべつ)
75%
浜頓別 (はまとんべつ) 接続路線:国鉄興浜北線(1985年廃止)
75%
猿払 (さるふつ)
75%
鬼志別 (おにしべつ)
75%
南稚内 (みなみわっかない) 接続路線:JR宗谷本線
75%
上頓別 (かみとんべつ)
50%
敏音知 (ぴんねしり)
50%
下頓別 (しもとんべつ)
50%
沼川 (ぬまかわ) 接続路線:簡易軌道幌沼線(1964年廃止)
50%
声問 (こえとい)
50%
上音威子府 (かみおといねっぷ) 1987年臨時駅化
25%
天北栄 (てんぽくざかえ) 仮乗降場、1965年廃止
25%
小頓別 (しょうとんべつ) 接続路線:歌登町営軌道(1971年廃止)
25%
恵野 (めぐみの) 仮乗降場より昇格
25%
周磨 (しゅうまろ) 仮乗降場より昇格
25%
松音知 (まつねしり)
25%
上駒 (かみこま) 仮乗降場より昇格
25%
寿 (ことぶき) 仮乗降場より昇格
25%
新弥生 (しんやよい) 仮乗降場より昇格
25%
常盤 (ときわ) 仮乗降場より昇格
25%
北頓別 (きたとんべつ) 仮乗降場、1967年廃止
25%
山軽 (やまがる)
25%
安別 (やすべつ) 仮乗降場より昇格
25%
飛行場前 (ひこうじょうまえ) 仮乗降場より昇格
25%
浅茅野 (あさじの)
25%
芦野 (あしの)
25%
小石 (こいし)
25%
曲淵 (まがりふち)
25%
樺岡 (かばおか)
25%
恵北 (けいほく) 1963年幕別駅より改称
25%
東声問 (ひがしこえとい) 臨時駅、1987年6月1日のみ営業
25%
宇遠内 (うえんない) 仮乗降場より昇格
25%
No matching quizzes found
Score Distribution
Percent of People with Each Score
Percentile by Number Answered
Your Score History
You have not taken this quiz